L'Homme orchestre /

Sábháilte in:
Sonraí bibleagrafaíochta
Príomhchruthaitheoir: du Dognon, André
Formáid: LEABHAR
Teanga:Béarla
Clibeanna: Cuir clib leis
Níl clibeanna ann, Bí ar an gcéad duine le clib a chur leis an taifead seo!

MARC

LEADER 00000nam a2200000 4500
001 CDOM0000002449
003 mi
005 20251015171044.0
008 251015b |||||||| |||| 00| 0 eng d
040 |c mi 
100 |a du Dognon, André 
245 1 |a L'Homme orchestre /  |c André du Dognon 
942 |2 ddc  |c BK 
952 |0 0  |1 0  |2 ddc  |4 0  |7 1  |9 8688  |a MI  |b MI  |d 1987-11-12  |i 660  |l 0  |p CDOM660  |r 2025-07-17 21:50:00  |w 2025-07-17  |x DONO  |y BK 
999 |c 7225  |d 7225